<?xml version="1.0" encoding="UTF-8"?>
<collection xmlns="http://www.loc.gov/MARC21/slim">
 <record>
  <leader>01696nam a2200217Ia 4500</leader>
  <controlfield tag="001">CTU_149015</controlfield>
  <controlfield tag="008">210402s9999    xx            000 0 und d</controlfield>
  <datafield tag="082" ind1=" " ind2=" ">
   <subfield code="a">301</subfield>
  </datafield>
  <datafield tag="082" ind1=" " ind2=" ">
   <subfield code="b">K87</subfield>
  </datafield>
  <datafield tag="100" ind1=" " ind2=" ">
   <subfield code="a">Kottak, Conrad Phillip</subfield>
  </datafield>
  <datafield tag="245" ind1=" " ind2="0">
   <subfield code="a">Anthropology :</subfield>
  </datafield>
  <datafield tag="245" ind1=" " ind2="4">
   <subfield code="b">the exploration of human diversity</subfield>
  </datafield>
  <datafield tag="245" ind1=" " ind2="0">
   <subfield code="c">Conrad Phillip Kottak.</subfield>
  </datafield>
  <datafield tag="260" ind1=" " ind2=" ">
   <subfield code="a">Boston</subfield>
  </datafield>
  <datafield tag="260" ind1=" " ind2=" ">
   <subfield code="b">McGraw-Hill Higher Education</subfield>
  </datafield>
  <datafield tag="260" ind1=" " ind2=" ">
   <subfield code="c">2006</subfield>
  </datafield>
  <datafield tag="520" ind1=" " ind2=" ">
   <subfield code="a">This text offers an introduction to the five subdisciplines of anthropology: cultural, physical, archaeological, anthropological linguistics and applied anthropology. To reflect the role of anthropology in today's world, Professor Kottak has revised both the content and the organization of the text in a way which gives the students a balanced introduction to anthropology and its relevance. The special theme of this edition is &quot;Preserving Cultural Diversity in the Face of Globalization&quot;. Two new chapters - &quot;Ethnicity and Ethnic Relations&quot; and &quot;Cultural Exchange and Survival&quot; - explore the significance of the demise of the Soviet Union and world-wide ethnic conflicts, as well as multiculturalism in the US and Canada, and cultural survival globally. &quot;In-the-news&quot; boxes describe recent discoveries on relevant topics that are attracting public attention. Many chapters, especially the chapter on race, have new sections. The following are also available: diskette Mac (0-07-834341-0); diskette 5.25 (0-07-83444-5); diskette 3.50 (0-07-834345-3); and instructor's manual (0-07-035919-9).</subfield>
  </datafield>
  <datafield tag="650" ind1=" " ind2=" ">
   <subfield code="a">Anthropology</subfield>
  </datafield>
  <datafield tag="904" ind1=" " ind2=" ">
   <subfield code="i">Năm</subfield>
  </datafield>
  <datafield tag="910" ind1=" " ind2=" ">
   <subfield code="a">Sách kèm CD số AV.001052 (tại LRC)</subfield>
  </datafield>
  <datafield tag="980" ind1=" " ind2=" ">
   <subfield code="a">Trung tâm Học liệu Trường Đại học Cần Thơ</subfield>
  </datafield>
 </record>
</collection>
